000 00622nam a2200229Ia 4500
003 OSt
005 20221005092654.0
006 a|||||r|||| 00| 0
007 ta
008 221004b |||||||| |||| 00| 0 eng d
024 _a49356
037 _cTextual
040 _aCRL
_cCRL
_beng
041 _2eng
_aeng
082 _aO111,1M88:g, H8
245 0 _aT. S. Eliot
_b A selected critique Edited by Leonard Unger
260 _aNew York
_bRussell and Russell USA
_c1948
300 _a478p.
_ccm.
650 _aENGLISH LITERATURE
942 _hO111,1M88:g, H8
_cTEXL
_2cc
999 _c999166
_d999166